| 000 | 00665cam a22002413a 4500 | ||
|---|---|---|---|
| 001 | 32555 | ||
| 003 | PGUSA | ||
| 005 | 20140828083714.0 | ||
| 008 | 100527s2010||||xxu|||||s|||||000 1 eng d | ||
| 040 |
_aPGUSA _beng |
||
| 042 | _adc | ||
| 050 | 4 | _aPZ | |
| 100 | 1 |
_aOtis, James, _d1848-1912 |
|
| 245 | 1 | 4 |
_aThe Club at Crow's Corner _h[electronic resource] / _cJames Otis |
| 260 |
_bProject Gutenberg, _c2010 |
||
| 506 | _aPublic domain in the USA. | ||
| 516 | _aElectronic text | ||
| 653 | _aAnimals -- Juvenile fiction | ||
| 700 | 1 | _aCaley, Isabel W. | |
| 830 | 0 |
_aProject Gutenberg _v32555 |
|
| 856 | 4 | 0 | _uhttp://www.gutenberg.org/ebooks/32555 |
| 942 | _cEB | ||
| 999 |
_c261810 _d261810 |
||